000 00878cab a22002295a 4500
001 L160034
008 150113e2016 xxk 000 0 eng d
035 _a(Sirsi) u160034
041 0 _aeng
050 _a692.8
100 1 _aSutton, Ian
245 0 4 _aThe way forward
_h[electronic resource]
260 _aLondon
_bRICS
_c2016
490 _aRICS Building Surveying Journal
_vMarch 2016 - April 2016, 15-16(2)
520 _aOutlines the progress of building information modelling in the UK.
650 2 4 _aLLOYDS BANK PLC V MCBAINS COOPER CONSULTANCY LTD
651 4 _aUnited Kingdom
_y
690 _aBIM
_96219
856 4 0 _uhttps://www.rics.org/Global/BSJ-BCJ%20March-April%202016_v2.pdf
_zView the article free of charge at www.rics.org...
856 4 0 _uhttps://www.rics.org/Global/BSJ-BCJ%20March-April%202016_v2.pdf
_yAvailable free online via Issuu
942 _n0
_2ddc
999 _c85149
_d85149